| 000 | 00471nam a2200169Ia 4500 | ||
|---|---|---|---|
| 003 | GCL | ||
| 008 | 140319s9999 xx 000 0 eng d | ||
| 040 |
_aGCL / _cGCL |
||
| 082 | 0 | 4 |
_aREF _b909.0971003 _bET |
| 100 | 1 | _aESPASITO, JOHNL | |
| 245 | 1 | 0 |
_aTHE OXFORD ENCYCLOPEDIA MODERN ISLAMIC WORLD / _cESPASITO, JOHNL |
| 260 |
_a[S.N] : _bOXFARD ، _c1995 |
||
| 650 | 0 | 4 | _aISLAMIC COUNTRIES |
| 650 | 0 | 4 | _aISLAM - ENCYCLOPEDIAS |
| 650 | 0 | 4 | _aENCYCLOPEDIAS |
| 942 |
_2ddc _cBK |
||
| 999 |
_c10610 _d10610 |
||